000 00552nam a2200193Ia 4500
003 GCL
005 20240530101826.0
008 140319s9999 xx 000 0 ara d
040 _aGCL /
_cGCL
082 0 4 _a071.9566
_bح ح
100 1 _aحازم النعيمى
245 1 0 _aالحرية والصحافة فى لبنان /
_cحازم النعيمى
260 _a[S.N] :
_bالعربى للنشر والتوزيع ،
_c1989
300 _a317 ص
650 0 4 _aتاريخ
650 0 4 _aلبنان
650 0 4 _aالصحافة
942 _2ddc
_cBK
999 _c27988
_d27988